G-algebras and modular representation theory /

Guardado en:
Autor Principal: Thévenaz, Jacques.
Formato: Libro
Idioma:English
Publicado: Oxford : New York : Clarendon Press ; Oxford University Press, 1995.
Series:Oxford mathematical monographs
Oxford science publications
Materias:
Etiquetas: Agregar Etiqueta
Sin Etiquetas, Sea el primero en etiquetar este registro!
LEADER 01193pam a2200265 a 4500
001 MAT.inmabb003677
008 950327s1995####enk######b####001#0#eng##
005 20130304101748.0
245 1 0 |a G-algebras and modular representation theory /  |c Jacques Thévenaz. 
260 |a Oxford :  |b Clarendon Press ;  |a New York :  |b Oxford University Press,  |c 1995. 
300 |a xxvii, 570 p. ;  |c 24 cm. 
440 0 |a Oxford mathematical monographs 
440 0 |a Oxford science publications 
504 |a Incluye referencias bibliográficas (p. [549]-557) e índices. 
505 0 |a 1. Algebras over a complete local ring -- 2. G-algebras and pointed groups -- 3. Induction and defect theory -- 4. Further results on G-algebras -- 5. Modules and diagrams -- 6. Group algebras and blocks -- 7. Local categories and nilpotent blocks -- 8. Green functors and maximal ideals. 
510 4 |a MR,  |c 96j:20017 
020 |a 0198535872 (hbk.) 
100 1 |a Thévenaz, Jacques. 
650 0 |a Finite groups. 
650 0 |a Modular representations of groups. 
650 0 |a Group algebras. 
084 |a 20C20 (20-02 20C05)  |2 msc2000 
010 |a  95014857  
040 |a DLC  |c DLC  |d DLC 
859 |h 20  |i T416  |p A-7386  |b BIB. MATEMATICA